000
00285nam a2200121Ia 4500
008
190216s9999||||xx |||||||||||||| ||und||
100
_a
Dwivedi D N
245
0
_a
Principles Of Economics
260
_b
Vani Educational Books
_c
1985
300
_a
702p
650
_a
Economics
942
_c
BK
999
_c
9693
_d
9693